000 00637nam a22002297a 4500
003 UA-OsUOA
001 38666
007 ta
008 20080201b un ||||| |||| 00| 0 ukr d
090 _a050
_bН37
942 _cMG
040 _aUA-OsUOA
_bukr
_cUA-OsUOA
_dUA-OsUOA
245 _aНаше життя.
300 _a36 с.
955 _a4
041 _aukr
080 _a050
260 _c2007
310 _aЧ.7-8, 2007
650 7 _a050 Серійні публікації. Періодика галузі, Організація та інші типи поєднання (співробітництва)
_2UDC
999 _c437179
_d437179